01051nab a22002417a 4500999001500000003000400015005001700019008004100036040000700077100004000084245015400124260004200278300001200320500003700332505009700369505008900466650002600555650003600581650003700617650002000654773012200674942001300796 c6565d6565OSt20260224115455.0190506c xxu||||| |||| 00| 0 spa d cPJ 97097aFernández, Stefania Soledad10aBreve análisis de las principales modificaciones introducidas al sistema de Riesgos del Trabajo por la ley 27.348 /cStefania Soledad Fernández. aBuenos Aires :bAbeledoPerrot,c2024. ap. 6-11 aCita: TR LALEY AR/DOC/1738/2024. aSumario: I. Introducción.— II. Desarrollo.— III. Conclusión.— IV. Bibliografía.  t¿Te interesa el texto completo? Comunicate al correo: koha@justierradelfuego.gov.ar 091316aDERECHO LABORAL 094951aRESPONSABILIDAD SOLIDARIA 091383aLEY DE CONTRATO DE TRABAJO 0aSUBCONTRATACION0 0275193202dBuenos Aires : AbeledoPerrot, 2013-tRevista de derecho laboral y seguridad social. Nº 16 - Agosto 2024 2udccANA